|
|
|
|
| LEADER |
00000nab a2200000 a 4500 |
| 001 |
vtls000507223 |
| 003 |
SK-MaSNL |
| 005 |
20260303003942.0 |
| 008 |
170412c1993 xo 0 slo |
| 015 |
|
|
|a SNBRB19rr/mm-uuuuu
|
| 035 |
|
|
|a CL0507361
|
| 040 |
|
|
|a SNKBUCL
|b slo
|c SNKBUCL
|e AACR2
|
| 041 |
0 |
|
|a slo
|
| 044 |
|
|
|a xo
|c SK
|
| 080 |
|
|
|a 820 (71)-3
|2 1981
|
| 100 |
1 |
|
|a Bankier, William
|4 aut
|9 939137
|
| 245 |
1 |
0 |
|a Nepodplatiteľný
|c William Bankier ; Prekl. I. Iluger ; Ilustr. Jozef Baláž
|
| 650 |
0 |
7 |
|a poviedky kriminálne
|2 snkbucl
|9 921121
|
| 655 |
|
7 |
|a články z novín a časopisov
|2 snkbucl
|9 267496
|
| 655 |
|
7 |
|a články z odboru literárna veda a krásna literatúra
|2 snkbucl
|9 770045
|
| 700 |
1 |
|
|a Iluger, I.
|4 trl
|9 974446
|
| 700 |
1 |
|
|a Baláž, Jozef
|4 ill
|9 303540
|
| 773 |
0 |
|
|t Život
|g Roč. 43, č. 16 (1993), s. 42-43
|
| 850 |
|
|
|a Slovenská národná knižnica v Martine
|a MTA001
|
| 852 |
|
|
|a SNK
|b KIS3GCP
|
| 958 |
|
|
|a CA
|
| 958 |
|
|
|a NX
|
| 958 |
|
|
|a RK
|
| 958 |
|
|
|a LX
|
| 992 |
|
|
|a RBX
|
| 999 |
|
|
|c 1575310
|d 1577240
|